| 000 | 00645nam a22002177a 4500 | ||
|---|---|---|---|
| 003 | OSt | ||
| 005 | 20260310033407.0 | ||
| 008 | 260310b |||||||| |||| 00| 0 eng d | ||
| 040 |
_aDWCL Main lib _cOC |
||
| 082 |
_24th ed. _aCirc. 981-240-484-8. |
||
| 100 | _afulton-Calkins, Patsy | ||
| 245 |
_aProcedures for the office professional _cPatsy Fulton-Calkins |
||
| 250 | _a4th ed. | ||
| 260 |
_aAustralia: _bThomson Learning, _cc2000. |
||
| 300 |
_axvi, 613 p. ; _c23 cm. |
||
| 504 | _aIncludes index. | ||
| 650 | _a1. Office Practice. | ||
| 650 | _a2. Secretaries. | ||
| 700 | _aJoanna D. Hanks | ||
| 942 |
_2ddc _cBK-CIRC _e4th ed. _kCirc. _n0 |
||
| 999 |
_c8844 _d8844 |
||